header

Guild dynamics in seventeenth-century Istanbul (Record no. 52980)

MARC details
000 -LEADER
fixed length control field 01585nam a22003614a 4500
082 04 - DEWEY DECIMAL CLASSIFICATION NUMBER
Classification number 338.6/32/094961809032
100 1# - MAIN ENTRY--AUTHOR NAME
Personal name Yi, Eunjeong.
245 10 - TITLE STATEMENT
Title Guild dynamics in seventeenth-century Istanbul
260 ## - PUBLICATION, DISTRIBUTION, ETC. (IMPRINT)
Place of publication Leiden ;
-- Boston :
Name of publisher Brill,
Year of publication 2004.
300 ## - PHYSICAL DESCRIPTION
Number of Pages xi, 306 p.
490 1# - SERIES STATEMENT
Series statement The Ottoman Empire and its heritage,
500 ## - GENERAL NOTE
General note Revised version of the author's thesis (doctoral)--Harvard, 2000.
650 #0 - SUBJECT ADDED ENTRY--TOPICAL TERM
Topical Term Guilds
Topical Term Merchants
Topical Term Artisans
856 40 - ELECTRONIC LOCATION AND ACCESS
Uniform Resource Identifier http://site.ebrary.com/lib/rucke/Doc?id=10090498

No items available.

© 2026 Rongo University
Contact us: librarian | system librarian | Rongo university